| 000 | 01281nam a2200253 u 4500 | ||
|---|---|---|---|
| 001 | 000413926 | ||
| 003 | AM-YeHGA | ||
| 005 | 20250618072426.0 | ||
| 008 | 050309s1982 ||| r 000 0 rus d | ||
| 040 | _aAM-YeHGA | ||
| 041 | 0 | _arus | |
| 245 | 0 | 0 |
_aАрмен Леонович Тахтаджян / _cБиблиогр. сост. Р.И. Кузьменко, С.Г. Жилиным; Вступ. ст. С.Г. Жилина; Отв. ред.: В.А. Виноградов, Е.С. Лихтенштейн; АН СССР. |
| 260 |
_aМосква : _bНаука, _c1982. |
||
| 300 |
_a72 с. : _b[1] л. портр. |
||
| 440 | 0 |
_aМатериалы к биобиблиографии ученых СССР : Сер. биол. наук. Ботаника _vВып. 11 |
|
| 600 | 1 | 4 |
_aԹախտաջյան, Արմեն Լևոնի, _d1910-2009 _93348 |
| 653 | 0 | _aБотаника в Армянской ССР - Биобиблиографические пособия | |
| 700 | 1 |
_aКузьменко, Р.И. _eсост. _4com |
|
| 700 | 1 |
_aЖилин, С.Г. _eсост. _eавт. вступ. ст. _4com _4aui |
|
| 700 | 1 |
_aВиноградов, В.А. _eред. _4edt |
|
| 700 | 1 |
_aЛихтенштейн, Е.С. _eред. _4edt |
|
| 710 | 2 | _aАкадемия наук СССР | |
| 090 | _c159149 | ||
| 999 |
_c157746 _d157746 |
||